000
00318nam a22001337a 4500
008
170404b xxu||||| |||| 00| 0 eng d
020
_a
2900133935058
041
_a
eng
080
_a
574
100
_a
9
101
_a
SHM
245
_a
DATA ANALYSIS IN THE EARTH SCIENCE USING MATLAB
_c
MIDDLETON, G.V
942
_2
udc
_c
BK
999
_c
9643
_d
9643